|
|
|
|
| LEADER |
00000nam a2200000 a 4500 |
| 001 |
vtls001478468 |
| 003 |
SK-MaSNL |
| 005 |
20260426014551.0 |
| 008 |
240226s1979 xr o 000 0 cze |
| 015 |
|
|
|a SNBA1979
|
| 020 |
|
|
|q (brožované)
|
| 035 |
|
|
|a SNK000433768
|
| 035 |
|
|
|a 140E7660-C066-44F9-9F4E-EC0A4373D6BC
|
| 035 |
|
|
|a urn:nbn:sk:snk-am00ig19
|
| 040 |
|
|
|a SNK
|b slo
|c SNK
|e AACR2
|
| 041 |
0 |
|
|a cze
|b rus
|b ger
|
| 043 |
|
|
|a e-xo---
|
| 044 |
|
|
|a xr
|c CZ
|
| 072 |
|
7 |
|a 32
|x Politika
|2 konspekt
|
| 080 |
|
|
|a 32
|2 2011
|
| 080 |
|
|
|a (437.6)
|2 2011
|
| 080 |
|
|
|a (048.8)
|2 2011
|
| 100 |
1 |
|
|a Vošahlíková, Pavla,
|d 1951-
|4 aut
|9 120660
|
| 245 |
1 |
0 |
|a Slovenské politické směry v období přechodu k imperialismu
|c Pavla Vošahlíková
|
| 250 |
|
|
|a 1. vyd.
|
| 260 |
|
|
|a Praha
|b Academia
|c 1979
|
| 300 |
|
|
|a 164 s.
|b fotografie
|c 8°
|
| 366 |
|
|
|e 700 výtl.
|
| 504 |
|
|
|a Obsahuje bibliografické odkazy
|
| 546 |
|
|
|a Ruské a nemecké resumé
|
| 648 |
|
7 |
|a 1880 - 1900
|2 SNKPH
|9 738221
|
| 650 |
0 |
7 |
|a politika
|2 SNKPH
|9 968
|
| 650 |
0 |
7 |
|a Politics
|2 SNKPHeng
|9 265606
|
| 651 |
|
7 |
|a Slovensko
|2 SNKPHgeo
|9 14231
|
| 651 |
|
7 |
|a Slovakia
|2 SNKPHeng
|9 92630
|
| 655 |
|
7 |
|a štúdie
|2 SNKPH
|9 57033
|
| 655 |
|
7 |
|a Studies
|2 SNKPHeng
|9 265573
|
| 852 |
|
|
|a Slovenská národná knižnica
|
| 954 |
|
|
|a odborná, vedecká literatúra cudzojazyčná (svetová)
|2 lita
|
| 958 |
|
|
|a OND
|
| 958 |
|
|
|a NB
|
| 958 |
|
|
|a SK
|
| 958 |
|
|
|a EUIPO
|
| 999 |
|
|
|c 1161526
|d 1163456
|
| 952 |
|
|
|a SNK
|b SNK
|y VYP
|7 0
|p 17A0436060
|o snkSC 47519 D1
|i snkKIP 9320/79
|0 0
|1 0
|4 0
|d 2004-07-14
|l 0
|r 2005-01-02 00:00:00
|w 2026-02-24
|
| 952 |
|
|
|a SNK
|b SNK
|y PREZ
|7 0
|p 17A0819992
|o snkSC 47519
|i snkKIP 9319/79
|0 0
|1 0
|4 0
|d 2012-07-31
|f 1
|l 0
|r 2025-10-29 00:00:00
|w 2026-02-24
|